000 01218nam a2200253 a 4500
001 BRCA_6837
005 20190320205619.0
008 081111c2010----mx-a######---#000-0#spa-#
020 _a9786076050262
041 _aspa
044 _amx
050 4 _aF1226
_b.M49 2010
245 1 0 _aMéxico en los Pabellones y las Exposiciones Internacionales
_b(1889-1929)
_ccoordinación general Ma. Fernanda Matos Moctezuma ; textos Hugo Arciniega Ávila ... [et al.]
260 _aMéxico
_bInstituto Nacional de Bellas Artes y Literatura
_c2010
300 _a183 p.
_bil. (algunas a color)
_c29 cm.
500 _aEsta publicación forma parte de las actividades que el Gobierno Federal organiza en conmemoración del Bicentenario del inicio del movimiento de Independencia Nacional y del Centenario del inicio de la Revolución Mexicana
500 _aCatálogo de exposición realizada en el Museo Nacional de San Carlos (Ciudad de México)
650 1 4 _aMéxico
_xHistoria
_9564
650 1 4 _aMéxico
_xExposiciones internacionales
_917052
700 1 _aMatos Moctezuma, Ma. Fernanda
_917053
700 1 _aArciniega Ávila, Hugo
_917054
710 2 _aMuseo Nacional de San Carlos (Ciudad de México)
_917055
942 _2lcc
_cB
999 _c6520
_d6520